| 000 | 00507nam a2200169 i 4500 | ||
|---|---|---|---|
| 001 | 95803 | ||
| 003 | ES-MaACL | ||
| 005 | 20230906181756.0 | ||
| 007 | t| | ||
| 008 | 050606s1929 sp ||||1| spa d | ||
| 100 | 1 |
_aMacías y García, Marcelo. _975226 |
|
| 245 | 1 | 0 |
_aAportaciones a la historia de Galicia / _cMarcelo Macías y García; prólogo de Rafael Marquina. |
| 260 |
_aMadrid : _bBlass, _c1929. |
||
| 300 |
_a248 p. ; _c19 cm. |
||
| 700 | 1 |
_aMarquina, Rafael. _9139054 |
|
| 852 |
_aES-MaACL _jB-2779 |
||
| 999 |
_c95803 _d95803 |
||